[Event "GRE-chT 46th"]
[Site "Rio Achaia"]
[Date "2018.07.11"]
[Round "3.14"]
[White "Kartsidima, Aikaterini"]
[Black "Poulopoulos, Ilias"]
[Result "1-0"]
[WhiteElo "1402"]
[BlackElo "1290"]
[PlyCount "73"]
[EventDate "2018.07.10"]
[EventType "team"]
[EventRounds "7"]
[EventCountry "GRE"]
[SourceTitle "CBM 185 Extra"]
[Source "ChessBase"]
[SourceDate "2018.07.29"]
[SourceVersion "1"]
[SourceVersionDate "2018.07.29"]
[SourceQuality "1"]
[WhiteTeam "So Thomas Georgiou"]
[BlackTeam "Kalamata Poseidon"]
[WhiteTeamCountry "GRE"]
[BlackTeamCountry "GRE"]

1. d4 Nf6 2. Nd2 e6 3. Ngf3 c5 4. e3 Be7 5. Bd3 0-0 6. 0-0 b6 7. c3 Bb7 8. e4 d6 9. b3 Nbd7 10. Bb2 Qc7 11. Rc1 Rfe8 12. Re1 Bf8 13. Nf1 a6 14. a4 g6 15. Ng3 Bg7 16. Qe2 Bh6 17. Rc2 Bg7 18. Bc1 e5 19. dxe5 Nxe5 20. Nxe5 dxe5 21. f3 a5 22. Bb5 Bc6 23. Be3 Red8 24. Rcc1 Rd6 25. Red1 Rad8 26. Bxc6 Qxc6 27. Nf1 Ne8 28. Rxd6 Rxd6 29. Nd2 Nc7 30. Nc4 Rd7 31. Rd1 Rxd1+ 32. Qxd1 Bf6 33. Qd6 Qxd6 34. Nxd6 Kf8 35. Nc8 Na8 36. Nxb6 Nxb6 37. Bxc5+ 1-0